Biathlon WM - Alle Weltmeister 2010er - Statistiken

Allgemein
  • Dieses Quiz wurde 551 mal gespielt
  • Das Durchschnittsergebnis liegt bei 21 aus 28
Antwortstatistiken
Disziplin Jahr Weltmeister % Korrekt
Sprint 2015 Johannes Thingnes Boe
96%
Sprint 2019 Johannes Thingnes Boe
96%
Massenstart 2016 Johannes Thingnes Boe
96%
Einzel 2011 Tarjei Boe
96%
Massenstart 2013 Tarjei Boe
96%
Einzel 2013 Martin Fourcade
93%
Einzel 2015 Martin Fourcade
93%
Einzel 2016 Martin Fourcade
93%
Sprint 2012 Martin Fourcade
93%
Sprint 2016 Martin Fourcade
93%
Verfolgung 2011 Martin Fourcade
93%
Verfolgung 2012 Martin Fourcade
93%
Verfolgung 2016 Martin Fourcade
93%
Verfolgung 2017 Martin Fourcade
93%
Massenstart 2012 Martin Fourcade
93%
Einzel 2019 Arnd Peiffer
79%
Sprint 2011 Arnd Peiffer
79%
Massenstart 2017 Simon Schempp
78%
Sprint 2017 Benedikt Doll
69%
Verfolgung 2015 Erik Lesser
69%
Sprint 2013 Emil Hegle Svendsen
58%
Verfolgung 2013 Emil Hegle Svendsen
58%
Massenstart 2011 Emil Hegle Svendsen
58%
Einzel 2012 Jakov Fak
36%
Massenstart 2015 Jakov Fak
36%
Massenstart 2019 Dominik Windisch
26%
Einzel 2017 Lowell Bailey
21%
Verfolgung 2019 Dmytro Pidrutschnyj
16%
Keine übereinstimmenden Quizze gefunden
Verteilung der Resultate
Anzahl Personen mit jedem Resultat
Perzentil nach korrekt beantworteten Fragen
Ihre Resultats-Entwicklung
Sie haben dieses Quiz noch nicht gespielt